[Event "AUTO-OPEN-279"]
[Site "http://www.queenalice.com/game.php?id=72152"]
[Date "2006.5.27"]
[Round "1"]
[White "rom_banane"]
[Black "cs9896"]
[Result "1-0"]
[WhiteElo "1457"]
[BlackElo "1204"]

1. d4 d5 2. e4 dxe4 3. Nc3 f5 4. Bc4 Nc6 5. Bxg8 Rxg8 6. d5 Ne5 7. Qh5+ g6 8.
Qxh7 Rg7 9. Qh4 g5 10. Qh5+ Rg6 11. Bxg5 Qd6 12. a3 c6 13. Rd1 c5 14. Nh3 Nf7
15. Nb5 Qa6 16. Nc7+ Kd7 17. Nxa6 Ne5 18. Nxc5+ Kd6 19. b4 b6 20. Nxe4+ fxe4 21.
Bf4 Re6 22. dxe6+ Kxe6 23. Qxe5+ Kf7 24. Qh5+ Kg7 25. Be5+ Kg8 26. Qg6+ Bg7 27.
Qxg7# 1-0

[Event "AUTO-INT-98"]
[Site "http://www.queenalice.com/game.php?id=72628"]
[Date "2006.5.28"]
[Round "1"]
[White "cs9896"]
[Black "Markus1234567"]
[Result "0-1"]
[WhiteElo "1186"]
[BlackElo "1729"]

1. e4 e5 2. d3 Bc5 3. Be3 Na6 4. Nf3 d6 5. c3 Nf6 6. a4 Ng4 7. d4 exd4 8. Bxd4
O-O 9. b4 Bxd4 10. cxd4 Nxb4 11. h3 Nf6 12. g4 Nxe4 13. Ra3 Qe7 14. Rb3 Nc3+ 15.
Kd2 Nxd1 16. Kxd1 a5 17. Nc3 Nd3 18. Bxd3 c6 19. Re1 Be6 20. Kd2 Qf6 21. Re3
Bxb3 22. g5 Qd8 23. Nh4 Qxg5 24. Nf3 Qh6 0-1

[Event "AUTO-INT-98"]
[Site "http://www.queenalice.com/game.php?id=72637"]
[Date "2006.5.28"]
[Round "1"]
[White "cs9896"]
[Black "kahector"]
[Result "0-1"]
[WhiteElo "1209"]
[BlackElo "1195"]

1. e4 e5 2. Qh5 Qf6 3. d4 g6 4. Qxe5+ Qxe5 5. dxe5 Nc6 6. Nf3 Bg7 7. Be2 Nxe5 8.
Nxe5 Bxe5 9. f4 Bd4 10. c3 Nf6 11. cxd4 Nxe4 12. Nc3 Nxc3 13. bxc3 d5 14. Ba3
Bf5 15. g4 Be4 16. O-O O-O-O 17. Rfe1 f5 18. g5 h6 19. gxh6 Rxh6 20. Rab1 Bxb1
21. Rxb1 Re8 22. Bf3 Rh3 23. Bxd5 b6 24. c4 Rxa3 0-1

[Event "AUTO-INT-98"]
[Site "http://www.queenalice.com/game.php?id=72638"]
[Date "2006.5.28"]
[Round "1"]
[White "kahector"]
[Black "cs9896"]
[Result "1-0"]
[WhiteElo "1212"]
[BlackElo "1192"]

1. e4 Nf6 2. Nc3 d5 3. d3 d4 4. Na4 Qd7 5. c3 b5 6. Nc5 Qd6 7. cxd4 Qxd4 8. Qc2
e5 9. Nf3 Qxc5 10. Qxc5 Bxc5 11. Nxe5 O-O 12. Be3 Na6 13. Bxc5 Nxc5 14. f3 a5
15. d4 Ne6 16. Bxb5 Ba6 17. Bc6 Rab8 18. b3 Nxd4 19. O-O-O Rfd8 20. Bd5 Ne2+ 21.
Kb2 Rdc8 22. Bxf7+ Kf8 23. Be6 Rd8 24. Nc6 Rxd1 25. Rxd1 Rb6 26. Rd8+ 1-0

[Event "AUTO-OPEN-307"]
[Site "http://www.queenalice.com/game.php?id=80734"]
[Date "2006.6.28"]
[Round "1"]
[White "claudiocaire"]
[Black "cs9896"]
[Result "0-1"]
[WhiteElo "1466"]
[BlackElo "1202"]

1. e4 g6 2. Qf3 a5 3. Bc4 f6 4. Bxg8 Rxg8 5. Qb3 e6 6. Nf3 a4 7. Qc4 b6 8. d3
Ba6 9. Qxa4 b5 10. Qa5 Nc6 11. Qd2 b4 12. O-O Qe7 13. a3 Bb5 14. c4 Ba6 15. axb4
Nxb4 16. b3 Qd6 17. Nh4 Qxd3 18. Qf4 g5 19. Qxf6 gxh4 20. Qxh4 Bc5 21. Be3 Bxe3
22. fxe3 Qe2 23. Nc3 Qxg2# 0-1

[Event "AUTO-OPEN-307"]
[Site "http://www.queenalice.com/game.php?id=80735"]
[Date "2006.6.28"]
[Round "1"]
[White "cs9896"]
[Black "claudiocaire"]
[Result "0-1"]
[WhiteElo "1241"]
[BlackElo "1360"]

1. g3 e5 2. h4 b5 3. Bg2 c6 4. a4 bxa4 5. Rxa4 Qf6 6. Nf3 c5 7. O-O d6 8. Ng5
Nc6 9. e3 h6 10. Ne4 Qe6 11. Kh2 Bd7 12. Nec3 Nf6 13. b3 Ne7 14. Qe2 Bxa4 15.
Bxa8 Ng4+ 16. Kg2 Bd7 17. f3 Nf6 18. Na3 Nh5 19. Nab5 Qh3+ 20. Kf2 Nxg3 21.
Nxd6+ Kd8 22. Nxf7+ Ke8 23. Qc4 Nxf1 24. Qxf1 Qxh4+ 25. Ke2 Kxf7 26. f4 exf4 27.
exf4 Qg4+ 28. Bf3 Qf5 29. Be4 Qh5+ 30. Qf3 Bg4 31. Qxg4 Qxg4+ 32. Bf3 Qxf4 33.
Nb5 Nf5 34. Bd5+ Kg6 35. Nxa7 Ng3+ 36. Kd3 Qd4# 0-1

[Event "AUTO-OPEN-307"]
[Site "http://www.queenalice.com/game.php?id=80757"]
[Date "2006.6.28"]
[Round "1"]
[White "cs9896"]
[Black "luizao"]
[Result "0-1"]
[WhiteElo "1220"]
[BlackElo "1646"]

1. c4 e5 2. Nf3 Nc6 3. b3 Bb4 4. a3 Bc5 5. b4 Bd4 6. Nc3 a6 7. g3 Nf6 8. e3 Bxc3
9. dxc3 O-O 10. h4 e4 11. Nd4 d5 12. c5 Bg4 13. Be2 Bxe2 14. Qxe2 Nxd4 15. exd4
Re8 16. Bf4 Re6 17. c4 dxc4 18. Qxc4 b5 19. Qe2 Qxd4 20. Rd1 Qc3+ 21. Qd2 Qxd2+
0-1

[Event "AUTO-OPEN-322"]
[Site "http://www.queenalice.com/game.php?id=85273"]
[Date "2006.7.12"]
[Round "1"]
[White "diegmr"]
[Black "cs9896"]
[Result "1-0"]
[WhiteElo "1592"]
[BlackElo "1230"]

1. d4 e6 2. e4 c5 3. c3 b5 4. Bxb5 a6 5. Bd3 Nf6 6. Bg5 h6 7. Bh4 g5 8. Bg3 Nc6
9. Nf3 g4 10. Nfd2 cxd4 11. cxd4 Nxd4 12. Nc3 h5 13. Qa4 Qb6 14. Be5 Qxb2 15.
Rb1 Qxc3 16. Bxd4 Qxd3 17. Bxf6 Bh6 18. Qb4 d5 19. Qe7# 1-0

[Event "AUTO-OPEN-322"]
[Site "http://www.queenalice.com/game.php?id=85274"]
[Date "2006.7.12"]
[Round "1"]
[White "cs9896"]
[Black "diegmr"]
[Result "0-1"]
[WhiteElo "1228"]
[BlackElo "1733"]

1. e3 e5 2. Nf3 Nc6 3. d4 exd4 4. Nxd4 Nxd4 5. exd4 d5 6. Qh5 Nf6 7. Qe5+ Be6 8.
Nc3 Bb4 9. a3 Bxc3+ 10. bxc3 O-O 11. Bd2 Re8 12. Rb1 b6 13. Bd3 Bd7 14. Qxe8+
Qxe8+ 15. Kd1 Ng4 16. Re1 Nxf2+ 17. Kc1 Nxd3+ 18. cxd3 Be6 19. c4 c6 20. h3 Qd7
21. cxd5 Bxd5 22. g4 Be6 23. g5 Qxd4 24. Rb4 Qa1+ 25. Kc2 Qxa3 26. h4 Qa2+ 27.
Rb2 Bb3+ 0-1

[Event "AUTO-OPEN-322"]
[Site "http://www.queenalice.com/game.php?id=85297"]
[Date "2006.7.12"]
[Round "1"]
[White "joaoreis001"]
[Black "cs9896"]
[Result "1-0"]
[WhiteElo "1662"]
[BlackElo "1222"]

1. h3 d5 2. d4 e6 3. Nc3 Nc6 4. Bf4 g5 5. Bg3 Nf6 6. Nf3 h5 7. Nxg5 Rg8 8. Qd2
Nb4 9. e4 dxe4 10. Ngxe4 Rh8 11. Nb5 Nxe4 12. Qe2 a6 13. Nxc7+ Ke7 14. Qxe4 Rb8
15. Nd5+ Ke8 16. Nxb4 f5 17. Qe5 Bxb4+ 18. c3 Rf8 19. Qxb8 1-0

[Event "AUTO-OPEN-322"]
[Site "http://www.queenalice.com/game.php?id=85298"]
[Date "2006.7.12"]
[Round "1"]
[White "cs9896"]
[Black "joaoreis001"]
[Result "0-1"]
[WhiteElo "1211"]
[BlackElo "1698"]

1. e3 h6 2. f4 e6 3. Nf3 Nc6 4. Nc3 Nf6 5. Bd3 Nb4 6. Qe2 a6 7. a3 Nxd3+ 8. Qxd3
Be7 9. O-O b6 10. b3 Ng4 11. a4 Bb7 12. Ne5 Nf6 13. Bb2 O-O 14. g4 d6 15. Nf3
Nxg4 16. h3 Nf6 17. Ne4 d5 18. Nxf6+ Bxf6 0-1

[Event "AUTO-OPEN-322"]
[Site "http://www.queenalice.com/game.php?id=85311"]
[Date "2006.7.12"]
[Round "1"]
[White "gillou91"]
[Black "cs9896"]
[Result "1-0"]
[WhiteElo "1972"]
[BlackElo "1228"]

1. d4 e6 2. e4 Nf6 3. Bg5 h6 4. Bxf6 Qxf6 5. Nf3 c5 6. c3 b6 7. Nbd2 cxd4 8.
cxd4 d6 9. Bb5+ Bd7 10. Qa4 a6 11. Bxd7+ Nxd7 12. Rc1 b5 13. Qc2 Nb6 14. Qc6+
Ke7 15. Qxb6 Rd8 16. Rc7+ Ke8 17. Qc6+ Rd7 18. Qxd7# 1-0

[Event "AUTO-OPEN-322"]
[Site "http://www.queenalice.com/game.php?id=85312"]
[Date "2006.7.12"]
[Round "1"]
[White "cs9896"]
[Black "gillou91"]
[Result "0-1"]
[WhiteElo "1228"]
[BlackElo "1940"]

1. e3 d5 2. c3 Nf6 3. Qa4+ c6 4. Qf4 Nbd7 5. b3 e5 6. Qf3 Bd6 7. c4 O-O 8. h4 e4
9. Qg4 Nxg4 10. Be2 f5 11. h5 Be5 12. Nc3 Nb6 13. cxd5 cxd5 14. f4 Bf6 0-1

[Event "AUTO-OPEN-338"]
[Site "http://www.queenalice.com/game.php?id=89523"]
[Date "2006.7.25"]
[Round "1"]
[White "cs9896"]
[Black "dieker"]
[Result "0-1"]
[WhiteElo "1177"]
[BlackElo "1237"]

1. e4 Nf6 2. d3 d5 3. e5 Nfd7 4. c4 dxc4 5. dxc4 Nxe5 6. f4 Ng6 7. Qc2 Nxf4 8.
Bxf4 Nc6 9. Nf3 Nd4 10. Qc3 c5 0-1

[Event "AUTO-OPEN-338"]
[Site "http://www.queenalice.com/game.php?id=89525"]
[Date "2006.7.25"]
[Round "1"]
[White "cs9896"]
[Black "braun_howard"]
[Result "0-1"]
[WhiteElo "1214"]
[BlackElo "1528"]

1. e4 e5 2. Nf3 d6 3. Nc3 Bg4 4. h3 Bxf3 5. gxf3 a6 6. a4 h6 7. b4 c5 8. bxc5
dxc5 9. Nd5 Nf6 10. d3 Nxd5 11. exd5 Qxd5 12. c4 Qd4 13. Rb1 Nc6 14. Be3 Qd7 0-1

[Event "AUTO-OPEN-338"]
[Site "http://www.queenalice.com/game.php?id=89526"]
[Date "2006.7.25"]
[Round "1"]
[White "braun_howard"]
[Black "cs9896"]
[Result "1-0"]
[WhiteElo "1524"]
[BlackElo "1218"]

1. d4 c6 2. e4 Nf6 3. Nc3 b5 4. a3 a5 5. Nf3 g6 6. a4 b4 7. Ne2 Nxe4 8. Ng5 h6
9. Nxe4 f5 10. Nc5 d6 11. Nb3 Bg7 12. d5 c5 13. c3 Rf8 14. cxb4 axb4 15. Nf4 1-0

[Event "AUTO-OPEN-338"]
[Site "http://www.queenalice.com/game.php?id=89527"]
[Date "2006.7.25"]
[Round "1"]
[White "cs9896"]
[Black "Vini"]
[Result "0-1"]
[WhiteElo "1224"]
[BlackElo "1685"]

1. e4 e6 2. Nc3 d5 3. d3 Nf6 4. g4 Bb4 5. a3 Bxc3+ 6. bxc3 dxe4 7. dxe4 Qxd1+ 8.
Kxd1 Nxe4 9. Nh3 Nxc3+ 10. Kd2 Ne4+ 11. Kd3 Nf6 12. g5 Nd5 13. Nf4 c6 14. c4
Nxf4+ 15. Bxf4 O-O 16. Re1 Na6 17. h4 Rd8+ 0-1

[Event "AUTO-OPEN-338"]
[Site "http://www.queenalice.com/game.php?id=89528"]
[Date "2006.7.25"]
[Round "1"]
[White "Vini"]
[Black "cs9896"]
[Result "1-0"]
[WhiteElo "1683"]
[BlackElo "1226"]

1. e4 d5 2. exd5 Qxd5 3. Nc3 Qe5+ 4. Qe2 Nc6 5. Nf3 Qe6 6. g3 Nf6 7. Bg2 g6 8.
d3 h5 9. Qxe6 fxe6 10. O-O e5 11. Re1 Ng4 12. Bg5 a5 13. h3 Nf6 14. Nxe5 Nd4 15.
Rac1 Nc6 16. Nxc6 Ra6 17. Bxf6 Rg8 18. Nxe7 1-0